03410nam a2200529Ia 4500001000400000008004100004010000800045041001400053082001400067245017800081260001300259300000700272520000600279630002800285630001400313630001700327650001600344690001400360700002600374700004800400901005700448902000600505903003400511904001800545905002500563906000600588907001400594908001400608909005100622910001500673911001000688912001400698913000900712914002300721915001900744916000900763917000900772918001400781919002100795520200700816921000702823922000702830923000602837924001402843942001002857999001302867817241029s9999 xx 000 0 und d a740 aEspañol aNO APLICA 0aCorrespondencia del desempeño laboral de los egresados de la carrera de Contabilidad con el campo de actuación, caso: Centro Universitario Regional del Suroeste (CURSO). aBarahona a81 a9 aDesempeño Profesional aEgresados aEvaluación aEnseñanza aElaborado easesoraDíaz , Luis eautoraFéliz Medina, Lucrecia Altagracia  a{"1":"Féliz Medina"}b{"1":"Lucrecia Altagracia "} a1 a{"1":"Díaz "}b{"1":"Luis"} aMaestría en aEnseñanza Superior a2 aNO APLICA aNO APLICA aUniversidad Autónoma de Santo Domingo (UASD) aNULLbNULL a["1"] aNO APLICA aNULL a01 de Mayo de 2012 a22/11/19 06:11 aNULL aNULL aNO APLICA a["63","85","97"] aLos objetivos principales del estudio consistieron en evaluar los niveles de satisfacción alcanzado por los profesionales del área de la Contabilidad, describir las características demográficas de la población de contadores(as) y establecer el nivel de correspondencia del desempeño profesional de los egresados de dicha carrera. La metodología utilizada fue de tipo exploratorio descriptiva con un enfoque cuantitativo. Se utilizó con técnicas la entrevista, el análisis documental y el análisis estadístico y como instrumento el cuestionario.Se trabajó con una población de quinientos sesenta (560) profesionales del área de la Contabilidad egresados del Centro Universitario Regional del Suroeste (curso) y como muestra se tomó cincuenta y seis (56) profesionales de dicha área.El estudio concluyó que los profesionales se encuentran la gran mayoría ubicados en su área competencial, con excepción de un 22.64% de ellos (as) que desempeño funciones de director de escuela, secretaria, vendedor y recepcionista que la mayoría de ellos aún están solteros, que es notorio el segmento poblacional que tiene más de cinco (5) años de haber terminados sus estudios universitarios, es decir, en el ejercicio de la profesión son experimentados (as) donde se notó que la gran mayoría está en edades superiores de a los veintisiete (27) años.El estudio recomendó, que las profesiones deben mantener una vinculación permanente entre ellos, a los fines de garantizar la unidad en el plano profesional, potenciar el desarrollo de pequeñas empresas productivas y de asesorías, entre otras, de manera comparativa. De modo, que garanticen que los contadores puedan acezar a formas diversas de empleo y protegerse económica y socialmente hablando. Además, incentivar de manera positiva el ejercicio de la profesión mejorando los sueldos y salarios que los contadores devengan por conceptos de los puestos que desempeñan en sus empresas. a16 a16 a0 aNO APLICA cTesis c740d740